Responses for Show #7198 - Wednesday, December 23, 2015

WE ASKED: Ballerina Misty Copeland.

Alex uses a cane during the closing credits chat.

Contestants

[<< previous game]

Chandreyi Ghosh, a housewife from Atlanta, Georgia

Joe Quackenbush, an attorney from Tampa, Florida

Theresa Tejada, a project coordinator from Allen Park, Michigan (whose 1-day cash winnings total $21,599)

[next game >>]

Jeopardy! Round responses

EDIBLE EXPRESSIONS
TECH COMPANY NAMES
AFRICAN-AMERICAN HISTORY
IN RESIDENCE
NHL TEAMS' HOME ICE
FOUND IN GERMANY
    $200 1
(Chandreyi: What are hot potatoes?)

hotcakes

JoeChandreyi
    $200 8
group & coupon

Joe
    $200 16
Black Lives Matter

Theresa
    $200 10
manor

Chandreyi
    $200 2
the Detroit Red Wings

Joe
    $200 3
Berlin

Theresa
    $400 4
a mushroom cloud

Joe
    $400 9
Hotmail

Theresa
    $400 17
The Nutcracker

Theresa
    $400 11
(Chandreyi: What is a haunted house?)

a haunt

TheresaChandreyi
    $400 24
(Alex: [*] is right with less than a minute now.)

the (Chicago) Blackhawks

Theresa
    $400 12
Martin Luther

Chandreyi
    $600 5
happy as a clam at high tide

Triple Stumper
    $600 18
(Theresa: What is Match.com?)

eHarmony

TheresaChandreyi
    $600 21
Howard University

Chandreyi
    $600 26
the apartment

Joe
    $600 13
the Black Forest

Chandreyi
    $800 6
to cut the mustard

Chandreyi
    $1,600 19
Asus

Chandreyi
    $800 22
(George) Pullman

Chandreyi
    $800 25
a bachelor pad

Chandreyi
    $800 29
[The end-of-round signal sounds.]

the Buffalo Sabres

Joe
    $800 14
the Ruhr

Chandreyi
    $1000 7
a cauliflower ear

Chandreyi
    $1000 20
Skype

Chandreyi
    $1000 23
South Carolina

Joe
    $1000 28
Shangri-La

Triple Stumper
    $1000 27
the Phoenix Coyotes

Theresa
    $1000 15
Dresden

Joe

Scores at the first commercial break (after clue 15):

Theresa Joe Chandreyi
$1,000 $2,000 $3,200

Scores at the end of the Jeopardy! Round:

Theresa Joe Chandreyi
$2,400 $4,400 $8,600

Double Jeopardy! Round responses

AN EMOTIONAL CATEGORY
FOOT POTPOURRI
ENGLISH LITERATURE
OK, "GO"!
ARCHAEOLOGY
THEY MADE MARY
    $400 17
Angry Birds

Theresa
    $400 25
(Alex: Less than a minute now.)

Dr. Scholl's

Chandreyi
    $400 7
Angler

Triple Stumper
    $400 2
goalposts

Theresa
    $400 14
Stonehenge

Joe
    $400 20
the Todds

Joe
    $800 1
Everybody Hates Chris

Joe
    $800 27
(Theresa: What is Yeti?)
...
(Alex: Yeti is in the--Tibet in the Himalayas.)

Sasquatch

TheresaChandreyi
    $800 8
"The Charge of the Light Brigade"

Chandreyi
    $800 3
a go-getter

Chandreyi
    $800 10
Herculaneum

Theresa
    $6,000 21
Catherine of Aragon

Joe
    $1200 19
[Alex did not say the first word of the song title ("My") when giving the correct response; the song was popularly referred to without it, as in A Star Is Born (1954).]

"My Melancholy Baby"

Triple Stumper
    $1200 28
plantar fasciitis

Joe
    $1200 9
The Time Machine

Theresa
    $1200 4
golden goal

Joe
    $1200 13
the Spanish Armada

Joe
    $1200 22
(Robert) Cassatt

Theresa
    $1600 18
Joy Division

Triple Stumper
    $1600 29
[The end-of-round signal sounds.]

bicycle kick

Chandreyi
    $1600 15
Father Brown

Chandreyi
    $1600 5
Goshen

Triple Stumper
    $1600 11
chemical warfare

Chandreyi
    $1600 23
James V

Joe
    $2000 26
(Theresa: What is One Hundred Years of Solitude?)

Love in the Time of Cholera

TheresaChandreyi
    $5,000 16
The Mystery of Edwin Drood

Chandreyi
    $2000 6
the Gordian worm

Triple Stumper
    $2000 12
the Ishtar Gate

Theresa
    $2000 24
P.L. Travers

Chandreyi

Scores at the end of the Double Jeopardy! Round:

Theresa Joe Chandreyi
$5,600 $17,200 $25,200

[wagering suggestions for these scores]

Final Jeopardy! Round responses

BABY GIRLS' NAMES
(Alex: The animated movie that helped popularize the name was Frozen.)
TheresaWhat is Elsa?
$5,600
JoeWhat is Astrid?
$10,000
ChandreyiWhat is Elsa
$9,201
Elsa

Final scores:

Theresa Joe Chandreyi
$11,200 $7,200 $34,401
2nd place: $2,000 3rd place: $1,000 New champion: $34,401

Game dynamics:

Coryat scores:

Theresa Joe Chandreyi
$5,600 $12,000 $21,400
13 R,
3 W
16 R
(including 1 DD),
0 W
22 R
(including 2 DDs),
2 W

Combined Coryat: $39,000

[game clues] [game scores] [suggest correction]

Game tape date: 2015-12-01
The J! Archive is created by fans, for fans. Scraping, republication, monetization, and malicious use prohibited; this site may use cookies and collect identifying information. See terms. The Jeopardy! game show and all elements thereof, including but not limited to copyright and trademark thereto, are the property of Jeopardy Productions, Inc. and are protected under law. This website is not affiliated with, sponsored by, or operated by Jeopardy Productions, Inc. Join the discussion at JBoard.tv.